000 00415nam a2200169Ia 4500
003 OSt
005 20240523161359.0
008 170619s9999 xx 000 0 und d
020 _a978-9332582705
040 _cIIMT ENGINEERING COLLEGE
100 _aElmasri Gupta
245 0 _aFundamentals of the database system
260 _bSingapore Pearson Pub.
260 _c2006
546 _aENGLISH
942 _2ddc
_c02
999 _c22165
_d22165